Preventing and mitigating AIDS in Sub-Saharan Africa : (Record no. 7966)
[ view plain ]
| 000 -LEADER | |
|---|---|
| fixed length control field | 00772pam a2200157 a 4500 |
| 020 ## - INTERNATIONAL STANDARD BOOK NUMBER | |
| ISBN | 030905480X |
| 050 00 - CALL NUMBER | |
| Classification number | RA644.A25 |
| Item number | .P91 |
| 110 2# - AUTHOR | |
| CORPORATE AUTHOR | National Research Council (U.S.). |
| 245 10 - TITLE | |
| Title | Preventing and mitigating AIDS in Sub-Saharan Africa : |
| Remainder of title | research and data priorities for the social and behavioral sciences / |
| Statement of responsibility, etc | Barney Cohen and James Trussell, editors ; Panel on Data and Research Priorities for Arresting AIDS in Sub-Saharan Africa, Committee on Population, Commission on Behavioral and Social Sciences and Education, National Research Council. |
| 260 ## - PUBLICATION INFORMATION | |
| Place of publication | Washington, D.C. : |
| Name of publisher | National Academy Press, |
| Year of publication | 1996. |
| 300 ## - DESCRIPTION | |
| Number of Pages | xi, 356 p. : |
| Other physical details | ill., maps ; |
| Dimensions | 23 cm. |
| 650 #0 - SUBJECTS | |
| Topical Term | AIDS (Disease) |
| 700 1# - OTHER AUTHORS | |
| Personal name | Cohen, Barney, |
| 700 1# - OTHER AUTHORS | |
| Personal name | Trussell, James. |
| 942 ## - ADDED ENTRY ELEMENTS (KOHA) | |
| Koha item type | Books |
| Withdrawn status | Lost status | Home library | Current library | Date acquired | Full call number | Accession Number | Koha item type |
|---|---|---|---|---|---|---|---|
| Methodist University Library Wenchi Nursing | Methodist University Library Wenchi Nursing | 21/10/2021 | RA644.A25 .P91 | 39069 | Books |